1190 1734 1606 1793 1454 1458 1404 1842 1825 1923 1046 1713 1664 1754 1993 1310 1311 1223 1391 1037 1140 1342 1609 1303 1333 1717 1132 1779 1084 1226 1865 1261 1581 1092 1500 1818 1624 1184 1344 1666 1714 1056 1813 1643 1368 1975 1406 1408 1721 1959 1630 1862 1937 1487 1533 1958 1536 1093 1850 1245 1606 1451 1457 2000 1360 1398 1735 1244 1306 1952 1885 1086 1923 1769 1917 1990 1235 1535 1299 1870 1493 1649 1528 1899 1625 1674 1759 1930 1940 1453 1714 1379 1884 1642 1448 1842 1780 1169 1384 BCNSPRNW ULIB Ver.6.0+V

เปลี่ยนเป็นภาษาไทย

Change to English
 แสดงรายละเอียดบรรณานุกรม
  กลับหน้าหลัก

Brief Record : Get Marc (ISO 2709) : E-mail record : QR code < ปิดหน้าต่าง
LEADER : 00000nam 2200000uu 4500
001    13399113278
003     ULIB
008    111005s2550||||th 000 0 tha d
020    9789748460314
050  4 T173.8^bช851ก 2550
100 0  ไชย ณ พล อัครศุภเศรษฐ์
245 10 การสร้างสรรค์นวัตการ :^bศักยภาพการแข่งขันสู่โลกอนาคต = Creativity & innovation /^cไชย ณ พล อัครศุภเศรษฐ์
246 31 Creativity & innovation
246 34 การสร้างสรรค์นวัตการ :^bเพื่อศักยภาพการแข่งขันสู่โลกอนาคต
260    กรุงเทพฯ :^bเคล็ดไทย,^c2550
300    135 หน้า :^bภาพประกอบ ;^c21 ซม.
650  7 นวัตกรรมทางเทคโนโลยี
945    ^p199^l0^i024050
945    ^p199^l0^i024051
995    ทศพร
999 ^a ทศพร
รายการนี้ยังไม่มีแท็ก
คุณยังไม่ได้ล็อกอิน คุณสามารถมีกิจกรรมร่วมกับเว็บไซต์ได้ แต่ต้องล็อกอินก่อน ::
  ล็อกอิน

รายการสื่อสารสนเทศ

ลำดับที่ ประเภท เลขเรียก/บาร์โค้ด สถานที่ สถานะ
- ไม่พบข้อมูล -

รายการใกล้เคียง
    ผู้แต่ง [ไชย ณ พล อัครศุภเศรษฐ์]

    หัวเรื่อง [นวัตกรรมทางเทคโนโลยี]

BibComment


ยังไม่เคยถูกคอมเมนท์

คอมเมนท์ทรัพยากรรายการนี้
  คอมเมนท์: การสร้างสรรค์นวัต..


 Copyright 2026. Bcnsprnw @Library